Catálogo público

Lactología Industrial; Leche Preparación y Elaboración de Máquinas, Instalaciones y Aparatos para Productos Lácteos / (Record no. 172682)

MARC details
000 -CABECERA
campo de control de longitud fija 00777nam a2200229Ia 4500
001 - NÚMERO DE CONTROL
campo de control dia_2141
003 - IDENTIFICADOR DEL NÚMERO DE CONTROL
campo de control CHAP
005 - FECHA Y HORA DE LA ÚLTIMA TRANSACCIÓN
campo de control 20251027144735.0
008 - DATOS DE LONGITUD FIJA--INFORMACIÓN GENERAL
campo de control de longitud fija 220117s1975 xx 000 0 und d
010 ## - NÚMERO DE CONTROL DE LA BIBLIOTECA DEL CONGRESO
Número de control de LC 172682
040 ## - FUENTE DE LA CATALOGACIÓN
Centro/agencia transcriptor CHAP
082 ## - NÚMERO DE LA CLASIFICACIÓN DECIMAL DEWEY
Número de clasificación 637.1 S6
100 ## - ENTRADA PRINCIPAL--NOMBRE DE PERSONA
Nombre de persona Spreer, Edgar
9 (RLIN) 109276
245 ## - MENCIÓN DE TÍTULO
Título Lactología Industrial; Leche Preparación y Elaboración de Máquinas, Instalaciones y Aparatos para Productos Lácteos /
Mención de responsabilidad, etc. por Edgar Spreer, traducido por José Romero Muñoz de Arenillas
260 ## - PUBLICACIÓN, DISTRIBUCIÓN, ETC.
Lugar de publicación, distribución, etc. España :
Nombre del editor, distribuidor, etc. Acribia,
Fecha de publicación, distribución, etc. 1975
300 ## - DESCRIPCIÓN FÍSICA
Extensión 458 p.
600 ## - PUNTO DE ACCESO ADICIONAL DE MATERIA--NOMBRE DE PERSONA
Nombre de persona 1.Industria lechera/ 2.Leche/ 3.Productos lácteos.
9 (RLIN) 152322
901 ## - ELEMENTOS DE DATOS A LOCAL LDA (RLIN)
a 637.1 S6
902 ## - ELEMENTOS DE DATOS B LOCAL, LDB (RLIN)
a M
905 ## - ELEMENTOS DE DATOS E LOCAL, LDE (RLIN)
a 0000001975 ESPA 0000000000ESP00
942 ## - ELEMENTOS DE PUNTO DE ACCESO ADICIONAL (KOHA)
Tipo de ítem Koha Libro
Fuente del sistema de clasificación o colocación Dewey Decimal Classification
Holdings
Estado de retiro Estado de pérdida Fuente del sistema de clasificación o colocación Estado dañado No para préstamo Código de colección Localización permanente Ubicación/localización actual Ubicación en estantería Fecha de adquisición Información codificada de la localización en otra ubicación Total de préstamos Renovaciones totales Código de barras Fecha visto por última vez Fecha del último préstamo Número de copia Precio válido a partir de Tipo de ítem Koha
    Dewey Decimal Classification     General Ingenieria Agroindustrial Ingenieria Agroindustrial   18/01/2022 1 1 1 dia_2706 26/05/2025 12/05/2025 1 18/01/2022 Libro
    Dewey Decimal Classification     General Ingenieria Agroindustrial Ingenieria Agroindustrial   18/01/2022 1 2   dia_1457 12/02/2024 12/02/2024 1 18/01/2022 Libro